Taxmann's insurance law manual with IRDA circulars & notification (Record no. 9474)
[ view plain ]
| 000 -LEADER | |
|---|---|
| fixed length control field | 00657nam a22001577a 4500 |
| 005 - DATE AND TIME OF LATEST TRANSACTION | |
| control field | 20091027091229.0 |
| 008 - FIXED-LENGTH DATA ELEMENTS--GENERAL INFORMATION | |
| fixed length control field | 091027t xxu||||| |||| 00| 0 eng d |
| 020 ## - INTERNATIONAL STANDARD BOOK NUMBER | |
| International Standard Book Number | 81-7496-617-X |
| 080 ## - UNIVERSAL DECIMAL CLASSIFICATION NUMBER | |
| Universal Decimal Classification number | 347.764(540) |
| Item number | TAX |
| 245 ## - TITLE STATEMENT | |
| Title | Taxmann's insurance law manual with IRDA circulars & notification: |
| Remainder of title | an authorised publication of insurance regulatory and divelopment authority |
| 260 ## - PUBLICATION, DISTRIBUTION, ETC. (IMPRINT) | |
| Place of publication, distribution, etc | New Delhi |
| Name of publisher, distributor, etc | Taxmann allied services |
| Date of publication, distribution, etc | 2005 |
| 300 ## - PHYSICAL DESCRIPTION | |
| Extent | various pagination |
| 653 ## - INDEX TERM--UNCONTROLLED | |
| Uncontrolled term | Law of insurance |
| -- | Insurance law-India |
| 942 ## - ADDED ENTRY ELEMENTS (KOHA) | |
| item type | Reference |
| Lost status | Source of classification or shelving scheme | Not for loan | Home library | Current library | Date acquired | Total Checkouts | Full call number | Barcode | Date last seen | Price effective from | Koha item type |
|---|---|---|---|---|---|---|---|---|---|---|---|
| Universal Decimal Classification | University Library | University Library | 27/10/2009 | 347.764(540) TAX | 00054101 | 27/10/2009 | 27/10/2009 | Reference |
